PC S in -1 (Record no. 23553)

MARC details
000 -LEADER
fixed length control field 00438nam a22001817a 4500
003 - CONTROL NUMBER IDENTIFIER
control field OSt
005 - DATE AND TIME OF LATEST TRANSACTION
control field 20211222171546.0
008 - FIXED-LENGTH DATA ELEMENTS--GENERAL INFORMATION
fixed length control field 211222b |||||||| |||| 00| 0 eng d
020 ## - INTERNATIONAL STANDARD BOOK NUMBER
International Standard Book Number 078971423X
040 ## - CATALOGING SOURCE
Transcribing agency H.U
082 ## - DEWEY DECIMAL CLASSIFICATION NUMBER
Classification number 004.16.
100 ## - MAIN ENTRY--PERSONAL NAME
Personal name Bucki,L
9 (RLIN) 24409
245 ## - TITLE STATEMENT
Title PC S in -1
Remainder of title Troubleshooting....
260 ## - PUBLICATION, DISTRIBUTION, ETC.
Place of publication, distribution, etc. USA
Name of publisher, distributor, etc. QUE
Date of publication, distribution, etc. 1997.
300 ## - PHYSICAL DESCRIPTION
Extent illustrations
Dimensions 25cm*15cm
500 ## - GENERAL NOTE
General note Includes Index.
942 ## - ADDED ENTRY ELEMENTS (KOHA)
Source of classification or shelving scheme Dewey Decimal Classification
Koha item type Books like text book referance book
Suppress in OPAC No
Holdings
Withdrawn status Lost status Source of classification or shelving scheme Damaged status Not for loan Home library Current library Shelving location Date acquired Total Checkouts Full call number Barcode Date last seen Copy number Price effective from Koha item type
    Dewey Decimal Classification     IoT Library IoT Library General Stacks 12/22/2021   004.16/BUK/1997. IOTL0000785 12/22/2021 1 12/22/2021 Books like text book referance book